000 00607nam a2200205Ia 4500
003 OSt
005 20260622151413.0
008 210210b1996 xxu||||| |||| 00| 0 eng d
040 _cAL
041 _aKonkani
082 _a891.462 PINR
100 _aPINTO NAYAK (Lyansi).
_dಲ್ಯಾನ್ಸಿ ಪಿಂಟೋ ನಾಯಕ್
_9265879
245 _aRambarut.
_bರಾಂಬಾರೂಟ್
260 _aManglur.
_bUmed Prakashan.,
_c1996
300 _a179
650 _aRambarut pisant pishe sutle gumat guvle
_9265880
690 _aKonkani Drama
_9265881
906 _a058930
942 _2ddc
_cBK
999 _c106112
_d106112